Sports Quiz

Random Sports or Hockey Quiz

Nottingham Panthers Roster 2010/11 Quiz Stats

 Plays Quiz not verified by Sporcle

Challenge
Share
Tweet
Embed
Score 0/27 Timer 06:00
0 Plays Today
Shirt No. Player % Correct
5David Clarke
92.7%
77Corey Neilson
87.3%
8Matthew Myers
81.8%
33Craig Kowalski
80%
2Tom Norton
78.2%
34Dan Green
78.2%
7Robert Lachowicz
74.5%
45Stephen Lee
74.5%
19Danny Meyers
72.7%
16Marc Levers
58.2%
13Jade Galbraith
52.7%
28Guillaume Lepine
49.1%
9David Alexandre Beauregard
47.3%
14Billy Ryan
47.3%
Shirt No. Player % Correct
71Josh Ward
47.3%
29Alex Penner
38.2%
27Rob Bellamy
34.5%
18Jeff Heerema
32.7%
4Jonathan Zion
29.1%
21*Angel Nikolov
23.6%
31Kevin St. Pierre
20%
20Daniel Tkaczuk
16.4%
26*Dustin Sproat
16.4%
17Ian McDonald
14.5%
15Jeremy Van Hoof
12.7%
21*Robert Liscak
10.9%
26*Thomas Soar
5.5%

You're not logged in!

Compare scores with friends on all Sporcle quizzes.
OR
Log In

You Might Also Like...

Show Comments

Extras

Top Quizzes Today


Score Distribution

Your Account Isn't Verified!

In order to create a playlist on Sporcle, you need to verify the email address you used during registration. Go to your Sporcle Settings to finish the process.

Report this User

Report this user for behavior that violates our Community Guidelines.

Details: